Vista normal
Vista MARC
Entrada Nombre corporativo
Número de registros utilizados en: 98
001 - NÚMERO DE CONTROL
- Campo de control: 3246
003 - IDENTIFICADOR DE NÚMERO DE CONTROL
- Campo de control: ES-MaCES
005 - FECHA Y HORA DE LA ULTIMA MODIFICACION
- Campo de control: 20170707132250.0
008 - ELEMENTOS DE DATOS DE LONGITUD FIJA
- Campo de longitud fija: 120531 | azznnaabn || ana d
035 ## - NÚMERO DE CONTROL DEL SISTEMA
- Número de control del sistema: CES20120000640e
040 ## - FUENTE DE LA CATALOGACIÓN
- Agencia original de catalogación: ES-MaCES
- Idioma de catalogación: spa
- Agencia de transcripción: ES-MaCES
110 1# - ENCABEZAMIENTO--NOMBRE CORPORATIVO
- Nombre corporativo o de jurisdicción como elemento de entrada: España
- Unidad subordinada: Ministerio de Hacienda y Administraciones Públicas
510 1# - TRAZADO VEÁSE ADEMÁS--NOMBRE CORPORATIVO
- Nombre corporativo o jurisdicción como elemento de entrada: España
- Unidad subordinada: Ministerio de Economía y Hacienda
- Subcampo de control: a
510 1# - TRAZADO VEÁSE ADEMÁS--NOMBRE CORPORATIVO
- Nombre corporativo o jurisdicción como elemento de entrada: España
- Unidad subordinada: Ministerio de Hacienda y Función Pública
- Subcampo de control: b
670 ## - FUENTE DE DATOS ENCONTRADOS
- Fuente de citación: CD del CES
- Información encontrada: : anteriormente, v.a. : Ministerio de Economía yHacienda. Posteriormente, v.a. : Ministerio de Hacienda y Función Pública
901 ## - CES. DATOS SIRTEX
- ID Sirtex (N5N8): 0001800007612
- 005BIS Sirtex: 201205311347ALORITE

